|
|
|
|
| LEADER |
00860cam a2200217 7i4500 |
| 001 |
0000065646 |
| 005 |
20220113090000.0 |
| 020 |
|
|
|a 9781484251041 (electronic book)
|
| 090 |
0 |
0 |
|a QA76.9.B45
|b P87 2020
|
| 245 |
0 |
0 |
|a Practical DataOps :
|b delivering agile data science at scale
|c Harvinder Atwal.
|
| 264 |
|
|
|a [Place of publication not identified]:
|b Apress,
|c 2020.
|
| 300 |
|
|
|a 1 online resource (xxviii, 275 pages):
|b illustrations, text file, PDF.
|
| 336 |
|
|
|a text
|2 rdacontent
|
| 337 |
|
|
|a computer
|2 rdamedia
|
| 338 |
|
|
|a online resource
|2 rdacarrier
|
| 650 |
|
0 |
|a Big data
|
| 650 |
|
0 |
|a Agile software development
|
| 856 |
4 |
2 |
|u http://library.unisel.edu.my/web/guest/mylibrary
|
| 997 |
|
|
|a Communication, Visual Art & Computing, Faculty
|b Computing, Department
|
| 998 |
|
|
|a Computer Science, Degree
|
| 999 |
|
|
|a EBO0010179
|b EBOOK
|c EBOOK
|e Electronic resources
|